|
|
|
|
| LEADER |
00000nam0a2200000 4500 |
| 001 |
194284 |
| 005 |
20231101224537.0 |
| 010 |
|
|
|a 9785977600620
|
| 035 |
|
|
|a (RuTPU)RU\TPU\book\211902
|
| 035 |
|
|
|a RU\TPU\book\159287
|
| 090 |
|
|
|a 194284
|
| 100 |
|
|
|a 20110411d2011 m y0rusy50 ca
|
| 101 |
0 |
|
|a rus
|
| 102 |
|
|
|a RU
|
| 105 |
|
|
|a a j 001zy
|
| 200 |
1 |
|
|a Экономика труда
|e учебник
|f под ред. Ю. П. Кокина, П. Э. Шлендера
|
| 205 |
|
|
|a 2-е изд., перераб. и доп.
|
| 210 |
|
|
|a Москва
|c Магистр
|d 2011
|
| 215 |
|
|
|a 686 с.
|c ил.
|
| 320 |
|
|
|a Список рекомендуемой литературы: с. 684-686.
|
| 330 |
|
|
|a Изложены теоретические основы экономики труда, охарктеризованы трудовой потенциал общества и рынок труда. Рассмотрены вопросы трудовой деятельности и организации труда, условия труда и их влияние на трудосбережение. Значительное место отведено формированию и планированию численности работников, производительности труда, количественной оценке труда, организации и регулированию заработной платы, социальной политике и регулированию социально-трудовых отношений. Для студентов, преподавателей экономических вузов, специалистов в области труда и социально-трудовых отношений.
|
| 451 |
|
1 |
|0 (RuTPU)RU\TPU\book\159287
|y 978-5-9776-0062-0
|t Экономика труда
|o учебник
|f под ред. Ю. П. Кокина, П. Э. Шлендера
|e 2-е изд., перераб. и доп.
|c М.
|n Магистр
|d 2008
|p 686 с.
|
| 606 |
1 |
|
|a Труд
|x Экономика
|y Россия
|2 stltpush
|3 (RuTPU)RU\TPU\subj\37095
|9 58241
|
| 610 |
1 |
|
|a экономика
|
| 610 |
1 |
|
|a методология
|
| 610 |
1 |
|
|a трудовой потенциал
|
| 610 |
1 |
|
|a трудовые ресурсы
|
| 610 |
1 |
|
|a занятость
|
| 610 |
1 |
|
|a рынок труда
|
| 610 |
1 |
|
|a трудовая деятельность
|
| 610 |
1 |
|
|a психофизиология
|
| 610 |
1 |
|
|a организация труда
|
| 610 |
1 |
|
|a безопасность труда
|
| 610 |
1 |
|
|a условия труда
|
| 610 |
1 |
|
|a производительность труда
|
| 610 |
1 |
|
|a планирование
|
| 610 |
1 |
|
|a трудовой коллектив
|
| 610 |
1 |
|
|a работники
|
| 610 |
1 |
|
|a нормирование
|
| 610 |
1 |
|
|a интенсивность
|
| 610 |
1 |
|
|a оплата труда
|
| 610 |
1 |
|
|a тарифная система
|
| 610 |
1 |
|
|a заработная плата
|
| 610 |
1 |
|
|a компенсации
|
| 610 |
1 |
|
|a стимулирующие выплаты
|
| 610 |
1 |
|
|a доходы
|
| 610 |
1 |
|
|a социальная политика
|
| 610 |
1 |
|
|a национальные проекты
|
| 610 |
1 |
|
|a стоимость жизни
|
| 610 |
1 |
|
|a социальная защита
|
| 610 |
1 |
|
|a социальные стандарты
|
| 610 |
1 |
|
|a государственное регулирование
|
| 610 |
1 |
|
|a социальное партнерство
|
| 610 |
1 |
|
|a коллективные договоры
|
| 610 |
1 |
|
|a трудовые конфликты
|
| 610 |
1 |
|
|a учебники
|
| 686 |
|
|
|a У9(2)24я73
|v LBC/SL-A
|2 rubbk
|
| 702 |
|
1 |
|a Кокин
|b Ю. П.
|g Юрий Петрович
|4 340
|
| 702 |
|
1 |
|a Шлендер
|b П. Э.
|4 340
|
| 801 |
|
1 |
|a RU
|b 63413507
|c 20081106
|g PSBO
|
| 801 |
|
2 |
|a RU
|b 63413507
|c 20140721
|g PSBO
|
| 900 |
|
|
|a Экономика труда
|
| 942 |
|
|
|c BK
|
| 952 |
|
|
|a 521600
|b 080100
|b 080105
|b 080300
|
| 959 |
|
|
|a 104/20081105
|d 2
|e 524,90
|f АНЛ:1
|f ЧЗГЛ:1
|
| 959 |
|
|
|a 81/20101108
|d 5
|e 0
|f Ф_ТПУ_Новокузнецк:5
|